01605nam a2200301 a 4500001001000000005001700010008004100027041000800068044000800076084002000084100004500104245011000149260004900259300001700308500015500325500027100480500016300751500001000914546002400924650005200948650005601000650003401056650004501090700004901135700003301184700003601217740005001253BRCA_322020190320204153.0040309s1771----enk#---###---#000-0#eng-# aeng aenk a521b.F68c17711 aCervantes Saavedra, Miguel ded1547-161610aThe History of the Renowned Don Quixote de la ManchacWritten in Spanish by Miguel de Cervantes Saavedra. aGlasgow (Inglaterra)bR. and A. Foulisc1771 a4 v.c16 cm. aContenido : v.1. Primera parte. Noticia sobre Cervantes. Prólogo del autor. -- v.2. Texto. -- v.3. Segunda parte. Prólogo del autor. -- v.4. Texto aEdición : Translated by Several Hands and Published by the Late Mr. Motteux. Revised a new from the Best Spanish Edition by Mr. Ozell, who has Likewise added Explanatory Notes from Jervas, Oudin, Sobrino, Pineda, Gregorio and the Royal Academi Dictionary of Madrid aEdición conforme a la de Londres, publicada en 1749, impresa por Innys y Co., pero sin láminas. Piel; Lomos decorados con filetes dorados Lúdovik Osterc aQM418 aTexto en : inglés14aNovela españolayÉpoca clásica, 1500-170014aLiteratura españolayÉpoca clásica, 1500-170014aNovela españolaySiglo XVII14aDon Quijote (Personaje ficticio)eNovela1 aMotteux, Peter Anthonyd1663-1718eTraductor1 aOzel, Johnd?-1743eAnotador1 aOudin, Cesard?-1625eTraductor0 aEl Ingenioso Hidalgo Don Quijote de la Mancha